| 000 | 00733nam a2200241 a 4500 | ||
|---|---|---|---|
| 001 | 27111 | ||
| 003 | BD-RjUL | ||
| 005 | 20211209051120.0 | ||
| 008 | 140324r19701969enkb b 001 0 eng d | ||
| 020 | _a0582780004 | ||
| 035 | _a(BD-RjUL)27182 | ||
| 040 |
_aLC _beng _cLC _dWU _dBD-RjUL |
||
| 041 | _aeng | ||
| 082 | 0 | 4 |
_a956.9405 _bCAP 1970 |
| 100 | 1 |
_aCattan, Henry. _983257 |
|
| 245 | 1 | 0 |
_aPalestine, the Arabs and Israel : _bthe search for justice / _cHenry Cattan. |
| 260 |
_aLondon : _bLongmans, _c1969 [impression 1970]. |
||
| 300 |
_axiv, 281 p. : _bmaps. _c23 cm. |
||
| 504 | _aIncludes bibliographical references and index. | ||
| 650 | 0 |
_aJewish-Arab relations _y1917- _983258 |
|
| 942 |
_2ddc _cBK |
||
| 999 |
_c27111 _d27111 |
||